000 00281nam a2200109Ia 4500
001 1276669
005 20260417160452.0
008 260417s9999 xx 000 0 und d
020 _a9786059667173
245 0 _aYağmur Saçlı Kız
_cÇiğdem Gündeş
260 _bTudem Yayınları
999 _c1276669
_d1276669